00959 2200349 4500001002100000005001500021035002000036007000300056040001600059100003500075245004600110250001100156300004400167020001800211041000800229082001000237084001600247090002000263264003500283336002100318337003000339338002300369650002300392850001000415008004100425504002900466990002300495990002300518990002300541990002300564990002200587INLIS00000000000456520260524084602 a0010-0122000197ta aSPBUPDbind0 aInu Kencana SyafiieePengarang1 aEtika Pemerintahan /cInu Kencana Syafiie acet. 1 ax, 187 hal. :billus. ;c20,5 x 14,7 cm a979-518-555-1 aind a172.2 a172.2 INU e a172.2 CHA f 2-7 aJakarta :bRineka Cipta,c1994 2rdacontentaTeks 2rdamediaaTanpa Perantara 2rdacarrieraVolume 4aEtika Pemerintahan aPUPAD260524 0  abibliografi, 181-187 hlm a3074/BR/ARPUS/2007 a3075/BR/ARPUS/2007 a3076/BR/ARPUS/2007 a3077/BR/ARPUS/2007 a39.218/S/DPK/2025